L'unité visible des chrétiens et la tradition
Bewaard in:
| Hoofdauteur: | |
|---|---|
| Formaat: | Boek |
| Taal: | Frans |
| Gepubliceerd in: |
París
Les Presses de Taizé
1960
|
| Onderwerpen: | |
| Tags: |
Voeg label toe
Geen labels, Wees de eerste die dit record labelt!
|
MARC
| LEADER | 00000nam a2200000 a 4500 | ||
|---|---|---|---|
| 001 | UCH5821 | ||
| 003 | CL-VaPUC | ||
| 008 | 091029e19600000FR |||||||||||||||||fre|d | ||
| 082 | 0 | 4 | |a 280 |b THU |2 21 |
| 100 | 0 | |a Thurian, Max |e author |9 542168 | |
| 245 | 1 | 2 | |a L'unité visible des chrétiens et la tradition |
| 300 | |a 119 p | ||
| 942 | |c BK | ||
| 945 | |d 20091029 00:00:00 |a rbrito | ||
| 260 | |a París |b Les Presses de Taizé |c 1960 | ||
| 650 | 0 | |a Ecumenismo |9 255639 | |
| 583 | |a last modification |c 20091029 00:00:00 |k Rodrigo Vera | ||
| 999 | |c 336868 |d 336866 | ||
| 952 | |0 0 |1 0 |4 0 |6 280_000000000000000_THU_1960 |7 0 |8 A |9 428875 |a BIBTEO |b BIBTEO |d 2019-11-22 |i 4612140 |o 280 THU 1960 |p 4612140 |r 2025-01-17 |w 2019-11-22 |y BK |k ICR | ||